00482nam a2200193Ia 4500008004100000020001400041050001400055100001900069245001800088245005500106260001500161260001600176260000900192300001400201300002500215300001000240300003100250500000700281170918s9999 xx 000 0 und d a439113202 bM393 2003 aMarzollo, Jean aI am a star / cby Jean Marzollo ; illustrated by Judithn Moffatt. aNew York : bScholastic, c2003 aunpaged : bcolor illustration ; c23cm. eScholastic reader level 1. aBR